Movies Quiz

Random Movies or Animation Quiz

Pixar Movie by Villain Quiz Stats

 Plays Quiz Updated Oct 30, 2018

Also try: Disney Villains
Challenge
Share
Tweet
Embed
Score 0/15 Timer 01:00
9 Plays Today
Villain Movie % Correct
SidToy Story
76.6%
SyndromeThe Incredibles
69%
HopperA Bug's Life
67.4%
LotsoToy Story 3
66.8%
Stinky PeteToy Story 2
64.7%
Randall BoggsMonsters, Inc.
58.6%
DarlaFinding Nemo
57%
AUTOWALL-E
54.5%
Villain Movie % Correct
Charles MuntzUp
45.6%
Chick HicksCars
42.9%
Evelyn Deavor (Screenslaver)The Incredibles 2
40.5%
Miles AxlerodCars 2
37.6%
Mor'duBrave
33.3%
Johnny 'The Jaw' Worthington IIIMonsters University
16.3%
SkinnerRatatouille
15.9%

You're not logged in!

Compare scores with friends on all Sporcle quizzes.
OR
Log In

You Might Also Like...

Show Comments

Extras

Top Quizzes Today


Score Distribution

Your Account Isn't Verified!

In order to create a playlist on Sporcle, you need to verify the email address you used during registration. Go to your Sporcle Settings to finish the process.

Report this User

Report this user for behavior that violates our Community Guidelines.

Details: